Pontotoc County mineral resources: Geology (Record no. 27901)
[ view plain ]
| 000 -LEADER | |
|---|---|
| fixed length control field | 01365cam a22003491 4500 |
| 001 - CONTROL NUMBER | |
| control field | gs 43000059 |
| 003 - CONTROL NUMBER IDENTIFIER | |
| control field | DLC |
| 005 - DATE AND TIME OF LATEST TRANSACTION | |
| control field | 20260227111349.0 |
| 008 - FIXED-LENGTH DATA ELEMENTS--GENERAL INFORMATION | |
| fixed length control field | 780228s1943 msuab b 000 0 eng c |
| 010 ## - LIBRARY OF CONGRESS CONTROL NUMBER | |
| LC control number | gs 43000059 |
| 035 ## - SYSTEM CONTROL NUMBER | |
| System control number | (OCoLC)3677830 |
| 040 ## - CATALOGING SOURCE | |
| Original cataloging agency | U.S. Geol. Survey. Library |
| Transcribing agency | OT |
| Modifying agency | OCoLC |
| -- | DLC |
| 042 ## - AUTHENTICATION CODE | |
| Authentication code | premarc |
| 050 00 - LIBRARY OF CONGRESS CALL NUMBER | |
| Classification number | QE129 |
| Item number | .A2 no. 54 |
| 051 ## - LIBRARY OF CONGRESS COPY, ISSUE, OFFPRINT STATEMENT | |
| Classification number | TN24.M7 |
| Item number | A5 1943d |
| Copy information | Copy 2. |
| 082 ## - DEWEY DECIMAL CLASSIFICATION NUMBER | |
| Classification number | 552.52 |
| 110 2# - MAIN ENTRY--CORPORATE NAME | |
| Corporate name or jurisdiction name as entry element | Mississippi Geological, Economic, and Topographical Survey. |
| 245 10 - TITLE STATEMENT | |
| Title | Pontotoc County mineral resources: Geology |
| Statement of responsibility, etc. | by Richard Randall Priddy; Tests by Thomas Edwin McCutcheon. |
| 260 ## - PUBLICATION, DISTRIBUTION, ETC. | |
| Place of publication, distribution, etc. | University, |
| Date of publication, distribution, etc. | 1943. |
| 300 ## - PHYSICAL DESCRIPTION | |
| Extent | 139 p. |
| Other physical details | illus., fold. map., tables. |
| Dimensions | 23 cm. |
| 490 1# - SERIES STATEMENT | |
| Series statement | Its Bulletin |
| Volume/sequential designation | 54 |
| 500 ## - GENERAL NOTE | |
| General note | "Prepared in cooperation with the Pontotoc County citizens and the WPA as a report on O.P. 65-1-62-137." |
| 500 ## - GENERAL NOTE | |
| General note | At head of title: Mississippi State Geological Survey. |
| 504 ## - BIBLIOGRAPHY, ETC. NOTE | |
| Bibliography, etc. note | "References": p. 87-88. |
| 650 #0 - SUBJECT ADDED ENTRY--TOPICAL TERM | |
| Topical term or geographic name entry element | Mines and mineral resources |
| Geographic subdivision | Mississippi |
| -- | Pontotoc County. |
| 650 #0 - SUBJECT ADDED ENTRY--TOPICAL TERM | |
| Topical term or geographic name entry element | Geology |
| Geographic subdivision | Mississippi |
| -- | Pontotoc County. |
| 650 #0 - SUBJECT ADDED ENTRY--TOPICAL TERM | |
| Topical term or geographic name entry element | Clay |
| Geographic subdivision | Mississippi |
| -- | Pontotoc County. |
| 650 #0 - SUBJECT ADDED ENTRY--TOPICAL TERM | |
| Topical term or geographic name entry element | Clay |
| General subdivision | Testing. |
| 700 1# - ADDED ENTRY--PERSONAL NAME | |
| Personal name | Priddy, Richard Randall. |
| 700 1# - ADDED ENTRY--PERSONAL NAME | |
| Personal name | McCutcheon, Thomas Edwin. |
| 810 2# - SERIES ADDED ENTRY--CORPORATE NAME | |
| Corporate name or jurisdiction name as entry element | Mississippi Geological, Economic, and Topographical Survey. |
| Title of a work | Bulletin |
| Volume/sequential designation | 54. |
No items available.